000 00723cam a2200265 i 4500
001 768714001
003 CO-MdFUSB
005 20240622101616.0
007 ta
008 240622t1965 -us||||| |||| 00| 0 spa d
040 _cCO-MdFUSB
041 0 _aspa
082 0 4 _224
_a234.6
_bM9811e
100 1 _aMurray, Andrew (1828- 1917)
_eautor
245 1 0 _aLa escuela de la obediencia
_c/ Andrew Murray ; traducido por A. Edwin Sipowicz
264 1 _bMoody Press,
_aEstados Unidos :
_c[1965]
264 4 _c©1965
300 _a128 Pag
336 _atexto
_btxt
_2rdacontent
337 _2rdamedia
_asin mediación
_bn
338 _2rdacarrier
_avolumen
_bnc
653 _aVida cristiana
942 _cBK
945 _aMiguel
999 _c34641
_d34641